| 000 | 00595cam a2200193 4500 | ||
|---|---|---|---|
| 001 | 1409 | ||
| 003 | OCoLC | ||
| 005 | 20181127163244.0 | ||
| 008 | 990125s2000 maua b 001 0 eng | ||
| 010 | _a99018624 | ||
| 020 | _a0205287093 (alk. paper) | ||
| 100 | 1 |
_aAllen, Bem P., _d1940- |
|
| 245 | 1 | 0 |
_aPersonality theories : _bdevelopment, growth, and diversity / _cBem P. Allen. |
| 250 | _a3rd ed. | ||
| 260 |
_aBoston, MA : _bAllyn and Bacon, _cc2000. |
||
| 300 |
_axxv, 518 p. : _bill. ; _c25 cm. |
||
| 504 | _aIncludes bibliographical references (p. 460-497) and indexes. | ||
| 650 | 0 | _aPersonality. | |
| 999 |
_c1040 _d1040 |
||